000 00399nam a2200181Ia 4500
001 4944
005 20260306145831.0
008 260306t2014||||xx |||||||||||||| ||spa||
041 _aESP
082 _a332.041
_bP644
100 _aPiketty, Thomas
_eAUT
245 0 _aEl capital en el siglo XXI
260 _c2014
300 _a
_c
650 _aGEN
654 _aCAN
942 _cLIB
_dJUS
_fJUS
_2ddc
_n
999 _c4944
_d4944